The age of Voltaire

Furkejuvvon:
Bibliográfalaš dieđut
Váldodahkki: Durant, Will (Dahkki)
Materiálatiipa: Girji
Giella:eaŋgalasgiella
Almmustuhtton: Nueva York Simon and Schuster 1965
Ráidu:The History of Civilization, 9
Fáttát:
Fáddágilkorat: Lasit fáddágilkoriid
Eai fáddágilkorat, Lasit vuosttaš fáddágilkora!

MARC

LEADER 00000nam a2200000 a 4500
001 UCP9774
003 CL-VaPUC
008 000331e19650000US |||||||||||||||||eng|d
082 0 4 |a 940.253  |b DUR  |2 21 
100 0 |a Durant, Will  |e author  |9 440576 
245 1 4 |a The age of Voltaire 
300 |a 898 p 
942 |c BK 
945 |d 20000331 00:00:00  |a rherrera 
260 |a Nueva York  |b Simon and Schuster  |c 1965 
600 0 7 |a VOLTAIRE  |2 CL-VaPUC  |9 314050 
600 0 7 |a DIDEROT, DENIS  |2 CL-VaPUC  |9 440577 
650 7 |a HISTORIA DE EUROPA SIGLO 18  |2 CL-VaPUC  |9 317250 
650 0 |a Desarrollo cultural  |9 267526 
650 7 |a AVANCES CIENTIFICOS  |2 CL-VaPUC  |9 394565 
650 0 |a Enciclopedias  |9 264135 
651 0 |a Europa  |9 255156 
651 0 |a Inglaterra  |9 255158 
651 0 |a Francia  |9 255157 
651 0 |a Alemania  |9 255688 
583 |a last modification  |c 20160826 11:10:57  |k Rodrigo Vera 
490 0 |a The History of Civilization, 9 
999 |c 286559  |d 286557 
952 |0 0  |1 0  |4 0  |6 940_253000000000000_DUR_1965  |7 0  |8 A  |9 332558  |a BIBHIS  |b BIBHIS  |d 2019-11-20  |i 1261983  |o 940.253 DUR 1965  |p 1261983  |r 2025-01-20  |w 2019-11-20  |y BK  |k HIS